| 000 | 005190000a22001930004500 | ||
|---|---|---|---|
| 001 | 002473 | ||
| 003 | MACL | ||
| 005 | 20150714151847.0 | ||
| 008 | 150714b xxu||||| |||| 00| 0 eng d | ||
| 040 |
_aMACL _cMACL |
||
| 041 | _aEnglish | ||
| 082 | _a323.34/CHA | ||
| 100 |
_aChaudhuri, Sucheta sen _92077 |
||
| 245 |
_aBodo Movement and Women Participation _b1 ed _cSucheta sen Chaudhuri |
||
| 260 |
_aNew Delhi _c2004 _bMittal Publication, |
||
| 350 | _a350 | ||
| 650 |
_aPolitical Science _988 |
||
| 942 |
_k323 _cBK _2ddc |
||
| 999 |
_c14384 _d14384 |
||